What's the object : (Запис № 564779)

МАРК-запис
000 -LEADER
fixed length control field 01181cam a2200253La 4500
001 - CONTROL NUMBER
control field whatsobjectwayto00deck
003 - CONTROL NUMBER IDENTIFIER
control field CaSfIA
005 - DATE AND TIME OF LATEST TRANSACTION
control field 20210119121854.0
007 - PHYSICAL DESCRIPTION FIXED FIELD--GENERAL INFORMATION
fixed length control field cr||||
008 - FIXED-LENGTH DATA ELEMENTS--GENERAL INFORMATION
fixed length control field 820205s1980 idua 000 0 eng d
040 ## - CATALOGING SOURCE
Original cataloging agency UBY
Transcribing agency UBY
Modifying agency RIC
-- CaSfIA
035 ## - SYSTEM CONTROL NUMBER
System control number (OCoLC)13961926
050 #4 - LIBRARY OF CONGRESS CALL NUMBER
Classification number LB1520
Item number .D43 1980
100 1# - MAIN ENTRY--PERSONAL NAME
Personal name Decker, Neil A.
245 10 - TITLE STATEMENT
Title What's the object :
Medium [electronic resource]
Remainder of title a way to reach them /
Statement of responsibility, etc by Niel [sic] W. Decker ; illustrated by Paul Farber.
260 ## - PUBLICATION, DISTRIBUTION, ETC. (IMPRINT)
Place of publication, distribution, etc Eagle, Idaho :
Name of publisher, distributor, etc N.W. Decker,
Date of publication, distribution, etc c1980.
300 ## - PHYSICAL DESCRIPTION
Extent 149 p. :
Other physical details ill. ;
Dimensions 22 cm.
506 ## - RESTRICTIONS ON ACCESS NOTE
Standardized terminology for access restriction Необхідна авторизація на https://archive.org/ (створення облікового запису безкоштовно)
506 ## - RESTRICTIONS ON ACCESS NOTE
Standardized terminology for access restriction Необхідна авторизація на https://openlibrary.org/ (створення облікового запису безкоштовно)
650 #0 - SUBJECT ADDED ENTRY--TOPICAL TERM
Topical term or geographic name as entry element Object-teaching.
856 41 - ELECTRONIC LOCATION AND ACCESS
Uniform Resource Identifier <a href="http://www.archive.org/details/whatsobjectwayto00deck">http://www.archive.org/details/whatsobjectwayto00deck</a>
Public note Free eBook from the Internet Archive
856 42 - ELECTRONIC LOCATION AND ACCESS
Uniform Resource Identifier <a href="http://www.openlibrary.org/books/OL24237125M">http://www.openlibrary.org/books/OL24237125M</a>
Public note Additional information and access via Open Library
942 ## - ADDED ENTRY ELEMENTS (KOHA)
Koha item type ЕКнига

Немає доступних примірників.